| 000 | 00717nam a2200205Ia 4500 | ||
|---|---|---|---|
| 003 | OSt | ||
| 005 | 20250703113402.0 | ||
| 008 | 210210b1992 xxu||||| |||| 00| 0 eng d | ||
| 040 | _cAL | ||
| 041 | _aKannada | ||
| 082 | _aK894.9 PURS | ||
| 100 |
_aPURUSHOTTAMA BILIMALE. _dಪುರುಷೋತ್ತಮ ಬಿಳಿಮಲೆ _9217009 |
||
| 245 |
_aShishta parishishta _bಶಿಷ್ಟ ಪರಿಶಿಷ್ಟ |
||
| 260 |
_aMangaluru _bMadipu Prakashana _c1992 |
||
| 300 | _ax,216 | ||
| 650 |
_aMuddana Masti Muliya Channavira Kanavi Vyasaraya Ballala Aravinda Nadakarni Aravinda Malagatti Bandaya Dalita Navyakavya Kambara _9217010 |
||
| 690 |
_aKannada Criticism _9217011 |
||
| 906 | _a045997 | ||
| 942 |
_2ddc _cBK |
||
| 999 |
_c95451 _d95451 |
||